Normal view
MARC view
- Challenger, George Edward
Entry Nombre Personal
001 - NUMERO DE CONTROL
- campo de control: 43360
003 - IDENTIFICADOR DE NUMERO DE CONTROL
- campo de control: UPN
005 - FECHA Y HORA DE LA ÜLTIMA TRANSACCIÓN
- campo de control: 20210918101307.0
008 - DATOS DE LONGITUD FIJA
- campo de control de longitud fija: 210918|g aca||aabn | aaa d
040 ## - FUENTE DE CATALOGACIÓN
- Agencia original de catalogación: UPN
100 1# - ENCABEZAMIENTO - NOMBRE PERSONAL
- Nombre personal: Challenger, George Edward
- Títulos u otras palabras asociadas al nombre: (Personaje ficticio) -
- Subdivisión de forma: Novela
670 ## - FUENTE EN LA QUE SE LOCALIZARON DATOS
- Cita de la fuente: LC
- Información localizada: Challenger, George Edward (Fictitious character) - Fiction
902 ## - CATALOGADOR
- Catalogador: CAA/180921
